Clinical Chemistry: (Record no. 874)

MARC details
000 -LEADER
fixed length control field 01030cam a22003014a 4500
001 - CONTROL NUMBER
control field 12928315
003 - CONTROL NUMBER IDENTIFIER
control field OSt
005 - DATE AND TIME OF LATEST TRANSACTION
control field 20191125123934.0
008 - FIXED-LENGTH DATA ELEMENTS--GENERAL INFORMATION
fixed length control field 020913s2003 nyua b 001 0 eng
010 ## - LIBRARY OF CONGRESS CONTROL NUMBER
LC control number 2002030946
020 ## - INTERNATIONAL STANDARD BOOK NUMBER
International Standard Book Number 0071360476
035 ## - SYSTEM CONTROL NUMBER
System control number (DNLM)101154624
040 ## - CATALOGING SOURCE
Original cataloging agency DNLM/DLC
Transcribing agency DLC
Modifying agency DLC
042 ## - AUTHENTICATION CODE
Authentication code pcc
050 00 - LIBRARY OF CONGRESS CALL NUMBER
Classification number RB40
Item number .C573 2003
060 10 - NATIONAL LIBRARY OF MEDICINE CALL NUMBER
Classification number QY 90
Item number C64105 2003
082 00 - DEWEY DECIMAL CLASSIFICATION NUMBER
Classification number QY90 L64a 2003
Edition number 21
100 ## - MAIN ENTRY--PERSONAL NAME
Personal name Edited by Shauna, C. Anderson; Susan, Cockayne.
9 (RLIN) 13073
245 00 - TITLE STATEMENT
Title Clinical Chemistry:
Remainder of title concepts and applications
260 ## - PUBLICATION, DISTRIBUTION, ETC. (IMPRINT)
Place of publication, distribution, etc. New York :
Name of publisher, distributor, etc. McGraw-Hill, Medical Pub. Division,
Date of publication, distribution, etc. c2003.
300 ## - PHYSICAL DESCRIPTION
Extent xvii, 723 p. :
Other physical details ill. ;
Dimensions 29 cm.
504 ## - BIBLIOGRAPHY, ETC. NOTE
Bibliography, etc Includes bibliographical references and index.
650 #0 - SUBJECT ADDED ENTRY--TOPICAL TERM
Topical term or geographic name as entry element Clinical chemistry.
9 (RLIN) 428
856 42 - ELECTRONIC LOCATION AND ACCESS
Materials specified Publisher description
Uniform Resource Identifier <a href="http://www.loc.gov/catdir/description/mh031/2002030946.html">http://www.loc.gov/catdir/description/mh031/2002030946.html</a>
906 ## - LOCAL DATA ELEMENT F, LDF (RLIN)
a 7
b cbc
c orignew
d 1
e ocip
f 20
g y-gencatlg
942 ## - ADDED ENTRY ELEMENTS (KOHA)
Source of classification or shelving scheme Other/Generic Classification Scheme
Koha item type Short Loan
Holdings
Withdrawn status Lost status Source of classification or shelving scheme Damaged status Not for loan Home library Current library Date acquired Source of acquisition Inventory number Total Checkouts Full call number Barcode Date last seen Koha item type Public note
    Other/Generic Classification Scheme     MUST Main Library MUST Main Library 12/01/2015 Purchase 04/20704   QY90 L64a 2003 2015-0055 12/01/2015 Short Loan  
    Other/Generic Classification Scheme     MUST Main Library MUST Main Library 12/01/2015 Purchase 03/20082   QY90 L64a 2003 2015-0057 12/01/2015 Open Shelf NO BORROWING
    Other/Generic Classification Scheme     MUST Main Library MUST Main Library 12/01/2015 Purchase 04/20703   QY90 L64a 2003 2015-0058 12/01/2015 Short Loan  
    Other/Generic Classification Scheme     MUST Main Library MUST Main Library 12/01/2015 Purchase 03/20081   QY90 L64a 2003 2015-0059 12/01/2015 Short Loan